000 00513nam a2200169 4500
001 120047
003 ES-MaACL
005 20230906191445.0
007 t|
008 070214s1916 sp r ||||1| spa d
100 1 _aPiñero y Sánchez, Gregorio.
_992282
245 1 0 _aIncumplimiento de las leyes en España
_b: tesis doctoral /
_cGregorio Piñero y Sánchez.
260 _a[S. l.] :
_b[s. n.],
_c1916.
300 _a19 p. ;
_c15 x 11 cm.
502 _aTesis doctoral.
852 _aES-MaACL
_j1676-F-3
_bR.4632
999 _c120047
_d120047